MARC

Tag First Indicator Second Indicator Subfields
LEADER 00000cas a22000001a 4500
001 in00002321849
005 20190326205045.0
006 m | d |
007 cr |n||||||||n
008 930907d17971798enkwr p s 0 0eng d
022 |y 2043-1201 
040 |a KFS  |e dcrb  |c KFS  |d OCL  |d OCLCQ  |d HNK  |d OCLCQ  |d Thomson Gale  |d UtOrBLW 
043 |a e------  |a e-uk---  |a e-fr--- 
050 4 |a AP3  |b .A5 
245 0 4 |a The Anti-Jacobin; or, Weekly examiner. ... 
246 3 |a Anti Jacobin 
246 3 0 |a Weekly examiner 
264 1 |a [London] :  |b [Published by J. Wright, No. 169, opposite Old Bond-street, Piccadilly] ;  |a [by whom orders for the papers, and all communications of correspondents . will be received. Sold also by all the booksellers and newsmen in town and country.],  |c 1797 [-1798] 
300 |a 36 nos. (288 pages) ;  |c 32 cm. (folio) 
336 |a text  |b txt  |2 rdacontent 
337 |a computer  |b c  |2 rdamedia 
338 |a online resource  |b cr  |2 rdacarrier 
362 0 |a No. 1 (Nov. 20, 1797)-no. 36 (July 9, 1798) 
500 |a Caption title; imprint from colophon (foot of last p. each issue).-- Above dateline, number1-34: "(To be continued every Monday during the sitting of Parliament.)"; weekly except also Thursday 30 Nov. (no. 3) and nos. 34 & 35 both issued 2 July.--- In dateline, right: (Price 6D.-- 7 halfpenny tax stamp on most issues.-- No more published.-- - Imprint varies number 36. 
500 |a Projected by Geo. Canning, edition by Wm Gifford, with contributions by them and J.H. Frere, Geo. Ellis, Lord Morpeth, Henry Addington, Geo. Hammond, Edw. Nares, John Macdonald, others (possibly Pitt). Uses satire to support Pitt and the Tory ministry against the Whig radical press. 
500 |a There are at least 2 different settings of the early issues (1-12 different from KU-S E808), textually similar (not identical) but in very different order. In this set, page 2 c.2 "On the origin and progress of the French Revolution."; page 3 c.2 "Finance."; ... page 8 c.2 "From the London Gazette." "To our readers." "Course of exchange." 
500 |a Reproduction of original from Goldsmiths' Library, University of London. 
500 |a Goldsmiths'-Kress number Unknown. 
510 4 |a Graham, W. Eng. lit. period.,  |c p.189ff 
510 4 |a OCLC,  |c 28755680 
533 |a Electronic reproduction.  |b Farmington Hills, Mich. :  |c Thomson Gale,  |d 2005.  |f (The making of the modern world).  |n Available via the World Wide Web.  |n Access limited to licensing agreements.  |7 s2005 miunns 
500 |a Electronic resource. 
651 0 |a Europe  |x Politics and government  |y 1789-1815  |v Periodicals. 
651 0 |a Great Britain  |x Politics and government  |y 1789-1820  |v Periodicals. 
651 0 |a France  |x History  |y Revolution, 1789-1799  |v Periodicals. 
650 0 |a Press and politics  |z Great Britain. 
655 7 |a Satires  |z England  |y 18th century.  |2 rbgenr 
655 7 |a Periodicals  |z England  |y 18th century.  |2 rbgenr 
655 7 |a Tax stamps.  |2 rbpri 
655 7 |a Re-setting.  |2 rbpri 
655 0 |a Electronic books. 
648 7 |a 1603-1800  |2 local 
700 1 |a Canning, George,  |d 1770-1827. 
700 1 |a Gifford, William,  |d 1756-1826. 
700 1 |a Frere, John Hookham,  |d 1769-1846. 
700 1 |a Ellis, George,  |d 1753-1815. 
700 1 |a Howard, George,  |c Earl of Carlisle,  |d 1773-1848. 
700 1 |a Sidmouth, Henry Addington,  |c Viscount,  |d 1757-1844. 
700 1 |a Hammond, George,  |d 1763-1853. 
700 1 |a Nares, Edward,  |d 1762-1841. 
700 1 |a Macdonald, John,  |d active 1798. 
700 1 |a Pitt, William,  |d 1759-1806. 
700 1 |a Wright, J.  |q (John),  |d 1770?-1844,  |e publisher. 
830 0 |a Making of the modern world (Goldsmiths'-Kress Library of Economic Literature) 
856 4 0 |u http://proxy.library.tamu.edu/login?url=http://galenet.galegroup.com/servlet/MOME?af=RN&ae=U108462201&srchtp=a&ste=14&locID=txshracd2898  |z Connect to the full text of this electronic journal  |t 0 
999 |a MARS 
999 f f |s 8ae82c2c-ab0c-3dc4-b3b8-e52413477ba6  |i cb7a43a1-00b6-36c1-ba10-4a6fd8102a62  |t 0 
952 f f |a Texas A&M University  |b College Station  |c Electronic Resources  |d Available Online  |t 0  |e AP3 .A5  |g Electronic  |h Library of Congress classification 
998 f f |a AP3 .A5  |t 0  |l Available Online